| 000 | 00718nam a2200181 4500 | ||
|---|---|---|---|
| 001 | 108267 | ||
| 003 | ES-MaACL | ||
| 005 | 20250802063113.0 | ||
| 007 | t| | ||
| 008 | 061121s1927 sp r ||||1| spa d | ||
| 100 | 1 |
_aMollá Rodrigo, Rafael, _d1862-1930 _982047 |
|
| 245 | 1 | 4 |
_aLos tumores del riñón desde el punto de vista de su diagnóstico clínico _b: ( discurso de ingreso en la Academia de Ciencias Médicas de la Habana) / _cRafael Mollá y Rodrigo. |
| 260 |
_aMadrid : _b[s.n], _c1927 ( _fImp. de Julio Rosano) |
||
| 300 |
_a32 p. ; _c25 cm. |
||
| 710 | 2 |
_aReal Academia de Ciencias Médicas, Físicas y Naturales de La Habana. _9134781 |
|
| 852 |
_aES-MaACL _j1710-F-23 |
||
| 999 |
_c108267 _d108267 |
||